000 01534cam a22003371i 4500
003 SA-RiAUC
005 20250819045608.0
008 250818s2005 su o g b f000 0 ara c
020 _a9960002586
040 _aJO-MaAHU
_bara
_cSA-RiAUC
_erda
043 _aa-su---
082 0 4 _a729.190953
_qSA-RiAUC
090 _a729.190953
_bذ ي ي
100 1 _aالذييب، سليمان عبد الرحمن محمد،
_d1377 هجري-
_eمؤلف.
245 1 0 _aنقوش نبطية في الجوف، العلا، تيماء، المملكة العربية السعودية /
_cسليمان بن عبد الرحمن الذييب.
264 1 _aالرياض :
_bمكتبة الملك فهد الوطنية،
_c2005.
300 _a200 صفحة :
_bصور ؛
_c24 سم.
336 _aنص
_btxt
_2rdacontent
_3كتاب
337 _aبدون وسيط
_bn
_2rdamedia
338 _aمجلد
_bnc
_2rdacarrier
490 0 _aمطبوعات مكتبة الملك فهد الوطنية
504 _aببليوجرافية : صفحة 145-173.
650 7 _aالنقوش النبطية
_zالسعودية
_zالجوف
_2aucsh
650 7 _aالنقوش النبطية
_zالسعودية
_zالعلا
_2aucsh
650 7 _aالنقوش النبطية
_zالسعودية
_zتيماء
_2aucsh
651 7 _aتيماء (السعودية)
_xآثار
_2aucsh
651 7 _aالجوف (السعودية)
_xآثار
_2aucsh
651 7 _aالعلا (السعودية)
_xآثار
_2aucsh
942 _2ddc
_cBOOK
_n0
949 _aSA-JeALM
_d250818
_umohamedma123
_n1
999 _c10954
_d10954